000 nam a22 7a 4500
999 _c4792
_d235296
080 _a343.28/ 29 Au 11
100 _4aut
_aAuad, María Carla
245 _aLa Determinación judicial de la pena en el marco de un verdadero proceso acusatorio
300 _a57 P.
500 _aDirector de tesis: Bombini, Gabriel
502 _aTesis ( Especialización en Derecho Penal)--Universidad Nacional de Mar del Plata. Facultad de Derecho. Departamento de Posgrado, 2007.
650 _2IEDCYT
_apena
_aproceso acusatorio
_asistema inquisitivo
_asistema dispositivo
945 _acd
_d2018-07-02